[Event "Hamburg-chT Landesliga 1718"]
[Site "Hamburg"]
[Date "2018.04.22"]
[Round "9.3"]
[White "Cremer, Jochen"]
[Black "Zacharias, Christian"]
[Result "1/2-1/2"]
[WhiteElo "2127"]
[BlackElo "2227"]
[PlyCount "134"]
[EventDate "2017.10.08"]
[EventType "team-tourn"]
[EventRounds "9"]
[EventCountry "GER"]
[SourceTitle "EXT 2021"]
[Source "ChessBase"]
[SourceDate "2020.10.23"]
[SourceVersion "1"]
[SourceVersionDate "2020.10.23"]
[SourceQuality "1"]
[WhiteTeam "Hamburg Koenigsspringer II"]
[BlackTeam "Harburg Diagonale"]
[WhiteTeamCountry "GER"]
[BlackTeamCountry "GER"]

1. c4 e6 2. Nf3 Nf6 3. g3 d5 4. Bg2 Be7 5. 0-0 0-0 6. d4 c6 7. Nbd2 Nbd7 8. Qc2 b6 9. b3 Bb7 10. e4 dxe4 11. Nxe4 Nxe4 12. Qxe4 Qc7 13. Bf4 Bd6 14. Bxd6 Qxd6 15. Rfd1 Rab8 16. c5 Qc7 17. Rac1 Rfd8 18. cxb6 axb6 19. Qh4 Qd6 20. Nd2 Rbc8 21. Nc4 Qc7 22. Qe7 Re8 23. Qd6 Red8 24. Qxc7 Rxc7 25. Nd6 Nb8 26. Nxb7 Rxb7 27. Bxc6 Nxc6 28. Rxc6 Kf8 29. Kg2 b5 30. Rc5 Ke7 31. Kf3 Ra8 32. Rd2 Kd6 33. Ke4 b4 34. Rc4 Ra5 35. Rdc2 Ra6 36. g4 h6 37. f4 g6 38. g5 hxg5 39. fxg5 Rb5 40. h4 Rb7 41. Rf2 Rba7 42. Rcc2 Ra5 43. Rfd2 Rb7 44. Rc8 Rba7 45. Rcc2 Rb7 46. Rc4 Rba7 47. Rxb4 Rxa2 48. Rxa2 Rxa2 49. Rb7 Rh2 50. Rxf7 Rxh4+ 51. Rf4 Rh5 52. Rg4 Rh3 53. b4 Rb3 54. Rh4 Rg3 55. Kf4 Rd3 56. Ke4 Rg3 57. Rh8 Rxg5 58. Rd8+ Kc6 59. Re8 Kd6 60. Rg8 Rb5 61. Rxg6 Rxb4 62. Rh6 Ra4 63. Rh8 Ra1 64. Rd8+ Ke7 65. Rb8 Re1+ 66. Kd3 Rd1+ 67. Ke4 Re1+ 1/2-1/2

[Event "Hamburg-chT Landesliga 1617"]
[Site "Hamburg"]
[Date "2017.05.14"]
[Round "9.2"]
[White "Juergens, Bernhard"]
[Black "Zacharias, Christian"]
[Result "1/2-1/2"]
[WhiteElo "2120"]
[BlackElo "2230"]
[PlyCount "29"]
[EventDate "2016.10.16"]
[EventType "team-tourn"]
[EventRounds "9"]
[EventCountry "GER"]
[SourceTitle "EXT 2022"]
[Source "ChessBase"]
[SourceDate "2021.10.06"]
[SourceVersion "1"]
[SourceVersionDate "2021.10.06"]
[SourceQuality "1"]
[WhiteTeam "Hamburger SK IV"]
[BlackTeam "Harburg Diagonale"]
[WhiteTeamCountry "GER"]
[BlackTeamCountry "GER"]

1. f4 c5 2. Nf3 g6 3. g3 Bg7 4. Bg2 Nc6 5. 0-0 Nf6 6. d3 d5 7. Qe1 d4 8. Na3 Nd5 9. Bd2 Rb8 10. c3 b6 11. Nc2 0-0 12. c4 Nf6 13. b4 cxb4 14. Nxb4 Nxb4 15. Bxb4 1/2-1/2

[Event "Hamburg-chT Landesliga 1617"]
[Site "Hamburg"]
[Date "2017.05.13"]
[Round "8.2"]
[White "Zacharias, Christian"]
[Black "Zart, Ruediger"]
[Result "1/2-1/2"]
[WhiteElo "2230"]
[BlackElo "2191"]
[PlyCount "36"]
[EventDate "2016.10.16"]
[EventType "team-tourn"]
[EventRounds "9"]
[EventCountry "GER"]
[SourceTitle "EXT 2022"]
[Source "ChessBase"]
[SourceDate "2021.10.06"]
[SourceVersion "1"]
[SourceVersionDate "2021.10.06"]
[SourceQuality "1"]
[WhiteTeam "Harburg Diagonale"]
[BlackTeam "Johanneum Eppendorf"]
[WhiteTeamCountry "GER"]
[BlackTeamCountry "GER"]

1. e4 c6 2. d4 d5 3. exd5 cxd5 4. c4 Nf6 5. Nc3 g6 6. Qb3 Bg7 7. cxd5 0-0 8. Nge2 Qb6 9. Qxb6 axb6 10. g3 Na6 11. Bg2 Nb4 12. 0-0 Rd8 13. d6 exd6 14. Rd1 Bf5 15. Bxb7 Rab8 16. Bf3 Nc2 17. Rb1 Nb4 18. Ra1 Nc2 1/2-1/2

[Event "Hamburg-chT Landesliga 1516"]
[Site "Hamburg"]
[Date "2016.04.24"]
[Round "9.2"]
[White "Wronn, Bernd"]
[Black "Zacharias, Christian"]
[Result "0-1"]
[WhiteElo "2079"]
[BlackElo "2206"]
[PlyCount "120"]
[EventDate "2015.09.20"]
[EventType "team-tourn"]
[EventRounds "9"]
[EventCountry "GER"]
[SourceTitle "EXT 2022"]
[Source "ChessBase"]
[SourceDate "2021.10.06"]
[SourceVersion "1"]
[SourceVersionDate "2021.10.06"]
[SourceQuality "1"]
[WhiteTeam "St Pauli II"]
[BlackTeam "Harburg Diagonale"]
[WhiteTeamCountry "GER"]
[BlackTeamCountry "GER"]

1. Nf3 c5 2. c4 Nc6 3. g3 g6 4. Bg2 Bg7 5. 0-0 e5 6. Nc3 Nge7 7. Rb1 d6 8. a3 a5 9. e3 Bf5 10. d3 0-0 11. h3 h6 12. b3 Rb8 13. Bb2 b6 14. Nd5 Qd7 15. g4 Be6 16. Nxe7+ Qxe7 17. d4 d5 18. Nxe5 Nxe5 19. cxd5 cxd4 20. exd4 Bxg4 21. hxg4 Nd7 22. Re1 Qh4 23. Bf3 Nf6 24. Kg2 Nh7 25. d6 Rbd8 26. a4 Rxd6 27. Rh1 Qd8 28. d5 Ng5 29. Ba3 Rf6 30. Bxf8 Qxf8 31. Be2 Ne4 32. f3 Nc3 33. Qd2 Nxb1 34. Rxb1 Qd6 35. Rc1 Rf4 36. Qe3 Be5 37. Rc8+ Kg7 38. Bc4 h5 39. Re8 Bd4 40. Qe7 Qxe7 41. Rxe7 hxg4 42. fxg4 Bc5 43. Rd7 Rxg4+ 44. Kf3 Rg5 45. d6 Rf5+ 46. Ke4 Rf2 47. Kd5 g5 48. Kc6 g4 49. Re7 Rf6 50. Rd7 g3 51. Bd5 Rf2 52. Re7 g2 53. Bxg2 Rxg2 54. Re5 Rg6 55. Rxc5 bxc5 56. Kc7 Kf6 57. d7 Rg8 58. d8Q+ Rxd8 59. Kxd8 Ke5 60. Ke7 f5 0-1

[Event "Oberliga Nord N 1314"]
[Site "Germany"]
[Date "2013.11.10"]
[Round "2.3"]
[White "Zacharias, Christian"]
[Black "Zieher, Hartmut"]
[Result "1-0"]
[WhiteElo "2241"]
[BlackElo "2312"]
[PlyCount "49"]
[EventDate "2013.10.13"]
[EventType "team-tourn"]
[EventRounds "9"]
[EventCountry "GER"]
[SourceTitle "EXT 2015"]
[Source "ChessBase"]
[SourceDate "2014.11.20"]
[SourceVersion "1"]
[SourceVersionDate "2014.11.20"]
[SourceQuality "1"]
[WhiteTeam "Hamburg SF"]
[BlackTeam "Hamburger SK III"]
[WhiteTeamCountry "GER"]
[BlackTeamCountry "GER"]

1. e4 e5 2. Nf3 Nc6 3. d4 exd4 4. Nxd4 Nf6 5. Nxc6 bxc6 6. e5 Qe7 7. Qe2 Nd5 8. c4 Nb6 9. Nd2 Bb7 10. b3 0-0-0 11. Bb2 Qe6 12. 0-0-0 g6 13. Ne4 Bg7 14. f4 d6 15. Ng5 Qf5 16. g3 h6 17. Bh3 hxg5 18. Bxf5+ gxf5 19. exd6 Bxb2+ 20. Qxb2 gxf4 21. gxf4 c5 22. dxc7 Rde8 23. Rhe1 Be4 24. Rd8+ Kxc7 25. Qxh8 1-0

[Event "Hamburg-chT Landesliga 1213"]
[Site "Hamburg"]
[Date "2013.04.14"]
[Round "9.3"]
[White "Zacharias, Christian"]
[Black "Hedden, Helge"]
[Result "1/2-1/2"]
[WhiteElo "2256"]
[BlackElo "2151"]
[PlyCount "35"]
[EventDate "2012.10.14"]
[EventType "team-tourn"]
[EventRounds "9"]
[EventCountry "GER"]
[SourceTitle "EXT 2022"]
[Source "ChessBase"]
[SourceDate "2021.10.06"]
[SourceVersion "1"]
[SourceVersionDate "2021.10.06"]
[SourceQuality "1"]
[WhiteTeam "Harburg Diagonale"]
[BlackTeam "Hamburger SK IV"]
[WhiteTeamCountry "GER"]
[BlackTeamCountry "GER"]

1. e4 e6 2. d4 d5 3. Nc3 Nf6 4. Bg5 dxe4 5. Nxe4 Be7 6. Bxf6 Bxf6 7. Nf3 Nd7 8. Qd2 Be7 9. 0-0-0 Nf6 10. Qf4 Nxe4 11. Qxe4 Qd5 12. Qxd5 exd5 13. Ne5 0-0 14. g3 f6 15. Nd3 Bf5 16. Bg2 c6 17. Rhe1 Rfe8 18. Re3 1/2-1/2

[Event "Hamburg St Pauli op-A"]
[Site "Hamburg"]
[Date "2011.07.13"]
[Round "6"]
[White "Zacharias, Christian"]
[Black "Wronn, Bernd"]
[Result "1-0"]
[WhiteElo "2256"]
[BlackElo "2196"]
[PlyCount "57"]
[EventDate "2011.07.09"]
[EventType "swiss"]
[EventRounds "9"]
[EventCountry "GER"]
[SourceTitle "CBM 143 Extra"]
[Source "ChessBase"]
[SourceDate "2011.08.29"]
[SourceVersion "1"]
[SourceVersionDate "2011.08.29"]
[SourceQuality "1"]

1. e4 c6 2. d4 d5 3. e5 c5 4. dxc5 e6 5. Nf3 Bxc5 6. Bd3 Ne7 7. 0-0 Ng6 8. Qe2 Nc6 9. Bxg6 hxg6 10. Bf4 Bd7 11. Nbd2 Nd4 12. Nxd4 Bxd4 13. c3 Bb6 14. Rfd1 Rc8 15. Be3 Bc7 16. Nf3 a6 17. Bc5 f6 18. exf6 gxf6 19. Rxd5 Kf7 20. Rd2 Bb5 21. c4 Bxc4 22. Qxc4 Bxh2+ 23. Kf1 Qc7 24. Rad1 Qxc5 25. Qxc5 Rxc5 26. Rd7+ Kg8 27. Rd8+ Kh7 28. R1d7+ Kh6 29. Rxh8# 1-0

[Event "Hamburg St Pauli op-A"]
[Site "Hamburg"]
[Date "2011.07.11"]
[Round "4"]
[White "Zacharias, Christian"]
[Black "Faika, Michael"]
[Result "1-0"]
[WhiteElo "2256"]
[BlackElo "2117"]
[PlyCount "103"]
[EventDate "2011.07.09"]
[EventType "swiss"]
[EventRounds "9"]
[EventCountry "GER"]
[SourceTitle "CBM 143 Extra"]
[Source "ChessBase"]
[SourceDate "2011.08.29"]
[SourceVersion "1"]
[SourceVersionDate "2011.08.29"]
[SourceQuality "1"]

1. e4 e5 2. Nf3 Nc6 3. d4 exd4 4. Nxd4 Nf6 5. Nxc6 bxc6 6. e5 Qe7 7. Qe2 Nd5 8. c4 Ba6 9. g3 g6 10. b3 Bg7 11. Bb2 d6 12. Bg2 0-0 13. 0-0 dxe5 14. Qd2 Nb6 15. Qa5 Bxc4 16. bxc4 Nxc4 17. Qc3 Qe6 18. Rc1 Nxb2 19. Qxb2 e4 20. Nc3 Rab8 21. Qe2 f5 22. Rc2 Rb4 23. Rd1 Rc4 24. Nb1 Rd4 25. Rxd4 Bxd4 26. Nd2 Rd8 27. Qc4 Bxf2+ 28. Kf1 Qxc4+ 29. Nxc4 Bd4 30. Na5 c5 31. Nc6 Rd6 32. Nxa7 Rb6 33. Ke2 c4 34. a4 Rb2 35. Rxb2 Bxb2 36. Nc6 Ba3 37. a5 Bc5 38. a6 Kf7 39. a7 Bxa7 40. Nxa7 Ke6 41. Kd2 Kd5 42. Nb5 c6 43. Nc3+ Kd4 44. Ne2+ Ke5 45. Kc3 g5 46. Kxc4 f4 47. Nc3 f3 48. Bh1 h5 49. Nd1 h4 50. Ne3 h3 51. Kc5 f2 52. Kc4 1-0

[Event "Hamburg St Pauli op-A"]
[Site "Hamburg"]
[Date "2011.07.10"]
[Round "2"]
[White "Zacharias, Christian"]
[Black "Schiele, Lars"]
[Result "1/2-1/2"]
[WhiteElo "2256"]
[BlackElo "2052"]
[PlyCount "108"]
[EventDate "2011.07.09"]
[EventType "swiss"]
[EventRounds "9"]
[EventCountry "GER"]
[SourceTitle "CBM 143 Extra"]
[Source "ChessBase"]
[SourceDate "2011.08.29"]
[SourceVersion "1"]
[SourceVersionDate "2011.08.29"]
[SourceQuality "1"]

1. e4 g6 2. d4 Bg7 3. Nc3 d6 4. Be3 c6 5. Qd2 e5 6. h3 Nf6 7. Nf3 Qe7 8. 0-0-0 Nbd7 9. g4 0-0 10. dxe5 dxe5 11. g5 Nh5 12. Qd6 Qxd6 13. Rxd6 Re8 14. Bc4 Bf8 15. Rdd1 Bc5 16. Bxc5 Nxc5 17. b4 Be6 18. Bxe6 Nxe6 19. h4 a5 20. a3 axb4 21. axb4 Nc7 22. Kb2 Re7 23. Ra1 Nf4 24. Rxa8+ Nxa8 25. Rd1 Nb6 26. Kb3 Nh3 27. Nh2 Kf8 28. Ng4 Kg7 29. Nf6 Re6 30. Rd8 Rxf6 31. gxf6+ Kxf6 32. Nd1 Ke6 33. Rb8 Nf4 34. Kc3 Na4+ 35. Kd2 b5 36. Ne3 h5 37. f3 Nb2 38. Rb6 Kd6 39. Rb7 f6 40. Ke1 Na4 41. Kd2 Nb2 42. Kc3 Na4+ 43. Kb3 Ne2 44. Rg7 Nd4+ 45. Ka2 Nxf3 46. Rxg6 Nc3+ 47. Kb2 Nxe4 48. Ng2 Ke6 49. Rg7 Kd6 50. Rh7 Ng3 51. Rf7 Ke6 52. Rc7 Kd6 53. Rf7 Ke6 54. Rc7 Kd6 1/2-1/2

[Event "Hamburg St Pauli op-A"]
[Site "Hamburg"]
[Date "2011.07.09"]
[Round "1"]
[White "Kuegel, Tobias"]
[Black "Zacharias, Christian"]
[Result "1/2-1/2"]
[WhiteElo "2038"]
[BlackElo "2256"]
[PlyCount "56"]
[EventDate "2011.07.09"]
[EventType "swiss"]
[EventRounds "9"]
[EventCountry "GER"]
[SourceTitle "CBM 143 Extra"]
[Source "ChessBase"]
[SourceDate "2011.08.29"]
[SourceVersion "1"]
[SourceVersionDate "2011.08.29"]
[SourceQuality "1"]

1. e4 c5 2. Nf3 d6 3. Bb5+ Nd7 4. d4 Ngf6 5. e5 Qa5+ 6. Nc3 Ne4 7. Bd2 Nxc3 8. Bxd7+ Bxd7 9. Bxc3 Qa6 10. exd6 Qxd6 11. 0-0 f6 12. dxc5 Qxc5 13. Bd4 Qc6 14. Qe2 e6 15. c4 Bc5 16. Rfd1 Rd8 17. Bxc5 Qxc5 18. Rd5 Qe7 19. Rd2 Kf7 20. Rad1 Bc8 21. h3 Rhe8 22. Qe4 Kg8 23. Nd4 Rd7 24. Nb5 Rxd2 25. Rxd2 a6 26. Nd6 Rd8 27. Nxc8 Rxc8 28. b3 Rc7 1/2-1/2

[Event "BL2-Nord 0607"]
[Site "Germany"]
[Date "2007.04.22"]
[Round "9.8"]
[White "Zacharias, Christian"]
[Black "Mueller, Sebastian"]
[Result "1-0"]
[WhiteElo "2205"]
[BlackElo "2305"]
[PlyCount "33"]
[EventDate "2006.10.15"]
[EventType "team-tourn"]
[EventRounds "9"]
[EventCountry "GER"]
[SourceTitle "EXT 2008"]
[Source "ChessBase"]
[SourceDate "2007.11.25"]
[SourceVersion "1"]
[SourceVersionDate "2007.11.25"]
[SourceQuality "1"]
[WhiteTeam "Hamburg Schachfreunde"]
[BlackTeam "Steglitz Wilmersdorf"]
[WhiteTeamCountry "GER"]
[BlackTeamCountry "GER"]

1. e4 c5 2. Nf3 Nc6 3. Nc3 Nf6 4. d4 cxd4 5. Nxd4 e5 6. Ndb5 d6 7. Bg5 a6 8. Na3 b5 9. Bxf6 gxf6 10. Nd5 f5 11. c3 Rb8 12. exf5 b4 13. Nc4 bxc3 14. bxc3 Bxf5 15. Qf3 Qc8 16. Ndb6 e4 17. Nxc8 1-0

[Event "BL2-Nord 0607"]
[Site "Germany"]
[Date "2007.02.25"]
[Round "6.8"]
[White "Grabow, Carsten"]
[Black "Zacharias, Christian"]
[Result "0-1"]
[WhiteElo "2155"]
[BlackElo "2205"]
[PlyCount "63"]
[EventDate "2006.10.15"]
[EventType "team-tourn"]
[EventRounds "9"]
[EventCountry "GER"]
[SourceTitle "EXT 2008"]
[Source "ChessBase"]
[SourceDate "2007.11.25"]
[SourceVersion "1"]
[SourceVersionDate "2007.11.25"]
[SourceQuality "1"]
[WhiteTeam "Uelzen Post"]
[BlackTeam "Hamburg Schachfreunde"]
[WhiteTeamCountry "GER"]
[BlackTeamCountry "GER"]

1. e4 c5 2. Nf3 d6 3. d4 cxd4 4. Nxd4 Nf6 5. Nc3 a6 6. Be3 e5 7. Nb3 Be7 8. f3 Be6 9. Qd2 0-0 10. 0-0-0 b5 11. g4 b4 12. Ne2 a5 13. Kb1 Qc7 14. Ng3 Rd8 15. Qf2 Nbd7 16. g5 Ne8 17. h4 Rdc8 18. h5 a4 19. Nc1 b3 20. Bd3 bxa2+ 21. Nxa2 Qb7 22. Nf5 Bf8 23. g6 Rab8 24. Bc1 Nc5 25. c4 Nxd3 26. Rxd3 Bxc4 27. Rhd1 Bxd3+ 28. Rxd3 fxg6 29. hxg6 hxg6 30. Ne3 a3 31. b3 Nf6 32. Bxa3 0-1

[Event "BL2-Nord 0607"]
[Site "Germany"]
[Date "2006.12.10"]
[Round "4.8"]
[White "Zacharias, Christian"]
[Black "Gurack, Daniel"]
[Result "1-0"]
[WhiteElo "2205"]
[BlackElo "2185"]
[PlyCount "149"]
[EventDate "2006.10.15"]
[EventType "team-tourn"]
[EventRounds "9"]
[EventCountry "GER"]
[SourceTitle "EXT 2008"]
[Source "ChessBase"]
[SourceDate "2007.11.25"]
[SourceVersion "1"]
[SourceVersionDate "2007.11.25"]
[SourceQuality "1"]
[WhiteTeam "Hamburg Schachfreunde"]
[BlackTeam "Ruedersdorf"]
[WhiteTeamCountry "GER"]
[BlackTeamCountry "GER"]

1. e4 e6 2. d4 d5 3. Nc3 Bb4 4. exd5 exd5 5. Bd3 Nf6 6. Bg5 c6 7. Nge2 Bg4 8. 0-0 Nbd7 9. f3 Bh5 10. Nf4 Bg6 11. Re1+ Kf8 12. Qd2 Qb6 13. Bf1 Nh5 14. Nxh5 Bxh5 15. a3 Bd6 16. Ne2 f6 17. Bf4 Be7 18. Bg3 g5 19. Bf2 Re8 20. Ng3 Bg6 21. Bd3 Kg7 22. h4 gxh4 23. Nf5+ Bxf5 24. Bxf5 Nf8 25. Bxh4 Qc7 26. Kf2 Ng6 27. Bg3 Bd6 28. Bxd6 Qxd6 29. Rxe8 Rxe8 30. Rh1 Nf4 31. Rxh7+ Kg8 32. Bd3 Re2+ 33. Bxe2 Kxh7 34. g3 Nh3+ 35. Kg2 Ng5 36. Bd3+ Kg7 37. Qe3 Qd7 38. g4 Qe6 39. Kf2 Nh3+ 40. Ke2 Qd6 41. Kd2 Qh2+ 42. Kc3 Qd6 43. Qe1 b6 44. Qe8 Nf4 45. Kd2 c5 46. dxc5 bxc5 47. Bf5 Qc7 48. Qd7+ Qxd7 49. Bxd7 Kf7 50. c3 Ke7 51. Bc8 Kd6 52. b4 Kc6 53. Ba6 Kb6 54. Bf1 a5 55. Ke3 axb4 56. axb4 Ne6 57. f4 Kc7 58. Ba6 Kb6 59. Bc8 d4+ 60. cxd4 Nxd4 61. Ke4 Ne2 62. bxc5+ Kxc5 63. Kf5 Kb6 64. Be6 Kc5 65. Bd7 Kb6 66. Bc8 Kb5 67. Bb7 Kb6 68. Bd5 Kc5 69. Bb7 Kb6 70. Bf3 Nd4+ 71. Kxf6 Nxf3 72. g5 Kc6 73. g6 Nd2 74. g7 Ne4+ 75. Kg6 1-0

[Event "Wichern op 6th"]
[Site "Hamburg"]
[Date "2001.10.21"]
[Round "9.25"]
[White "Zacharias, Christian"]
[Black "Jordan, Juergen"]
[Result "1/2-1/2"]
[WhiteElo "2201"]
[BlackElo "2068"]
[PlyCount "38"]
[EventDate "2001.10.21"]
[EventType "swiss"]
[EventRounds "9"]
[EventCountry "GER"]
[SourceTitle "EXT 2002"]
[Source "ChessBase"]
[SourceDate "2001.11.25"]
[SourceVersion "1"]
[SourceVersionDate "2001.11.25"]
[SourceQuality "1"]

1. e4 c5 2. Nf3 Nc6 3. d4 cxd4 4. Nxd4 Qb6 5. Nb3 Nf6 6. Be3 Qb4+ 7. N1d2 Nxe4 8. c3 Qa4 9. Bd3 Nxd2 10. Qxd2 d6 11. 0-0 g6 12. Nd4 Nxd4 13. Bxd4 Rg8 14. Rfe1 Bf5 15. Bf6 Be6 16. Qe2 a6 17. Bd4 Bg7 18. Bb6 Be5 19. Be4 Qb5 1/2-1/2

[Event "Wichern op 6th"]
[Site "Hamburg"]
[Date "2001.10.20"]
[Round "8.25"]
[White "Steinbrenner, Juerg"]
[Black "Zacharias, Christian"]
[Result "1/2-1/2"]
[WhiteElo "1976"]
[BlackElo "2201"]
[PlyCount "57"]
[EventDate "2001.10.21"]
[EventType "swiss"]
[EventRounds "9"]
[EventCountry "GER"]
[SourceTitle "EXT 2002"]
[Source "ChessBase"]
[SourceDate "2001.11.25"]
[SourceVersion "1"]
[SourceVersionDate "2001.11.25"]
[SourceQuality "1"]

1. d4 Nf6 2. Nc3 d5 3. e4 dxe4 4. f3 c6 5. Be3 exf3 6. Nxf3 Bg4 7. h3 Bh5 8. g4 Bg6 9. Ne5 Nbd7 10. Nxg6 hxg6 11. Qf3 e6 12. Bd3 Bb4 13. 0-0 Rf8 14. g5 Nd5 15. Nxd5 cxd5 16. c4 Nb6 17. a3 dxc4 18. Be4 Be7 19. Bxb7 Bxg5 20. Bc6+ Nd7 21. d5 Bxe3+ 22. Qxe3 Ke7 23. Rad1 Qb6 24. Qxb6 Nxb6 25. Bxa8 Rxa8 26. dxe6 fxe6 27. Rd4 Rc8 28. Rf3 Rc5 29. Rg4 1/2-1/2

[Event "Wichern op 6th"]
[Site "Hamburg"]
[Date "2001.10.16"]
[Round "4.14"]
[White "Zacharias, Christian"]
[Black "Reddmann, Hauke"]
[Result "1-0"]
[WhiteElo "2201"]
[BlackElo "2349"]
[PlyCount "61"]
[EventDate "2001.10.21"]
[EventType "swiss"]
[EventRounds "9"]
[EventCountry "GER"]
[SourceTitle "EXT 2002"]
[Source "ChessBase"]
[SourceDate "2001.11.25"]
[SourceVersion "1"]
[SourceVersionDate "2001.11.25"]
[SourceQuality "1"]

1. e4 c5 2. Nf3 d6 3. d4 cxd4 4. Nxd4 Nf6 5. Nc3 a6 6. f3 e6 7. Be3 b5 8. Qd2 Qc7 9. g4 Nc6 10. Nxc6 Qxc6 11. 0-0-0 Be7 12. g5 Nd7 13. Ne2 0-0 14. Nd4 Qb7 15. h4 Ne5 16. h5 Rb8 17. Qg2 Nc4 18. Bf2 d5 19. Bd3 e5 20. Nf5 Bxf5 21. exf5 f6 22. h6 fxg5 23. hxg7 Rf7 24. Rxh7 Rxg7 25. Rh6 Rf7 26. Rdh1 Bf6 27. Qh3 Kf8 28. Rxf6 Rxf6 29. Qh8+ Ke7 30. Rh7+ Rf7 31. Bc5+ 1-0

[Event "Wichern op 6th"]
[Site "Hamburg"]
[Date "2001.10.14"]
[Round "2.6"]
[White "Zacharias, Christian"]
[Black "Rahman, Ziaur"]
[Result "0-1"]
[WhiteElo "2201"]
[BlackElo "2468"]
[PlyCount "88"]
[EventDate "2001.10.21"]
[EventType "swiss"]
[EventRounds "9"]
[EventCountry "GER"]
[SourceTitle "EXT 2002"]
[Source "ChessBase"]
[SourceDate "2001.11.25"]
[SourceVersion "1"]
[SourceVersionDate "2001.11.25"]
[SourceQuality "1"]

1. e4 c5 2. Nf3 e6 3. d4 cxd4 4. Nxd4 Nc6 5. Nb5 d6 6. c4 Nf6 7. N5c3 Be7 8. Be2 b6 9. Be3 Bb7 10. 0-0 0-0 11. Nd2 Rc8 12. Rc1 Re8 13. Qa4 Nd7 14. Rfd1 Nc5 15. Qc2 Bf6 16. Qb1 Qe7 17. Nf3 Red8 18. Nd4 Nxd4 19. Bxd4 Bg5 20. Rc2 Nxe4 21. Nxe4 Bxe4 22. Bd3 Bg6 23. b3 Qb7 24. Qb2 e5 25. Bxg6 hxg6 26. Bc3 b5 27. Ba5 Rd7 28. cxb5 Rxc2 29. Qxc2 Qxb5 30. Qc8+ Kh7 31. Bc3 Rd8 32. Qg4 Bf6 33. h4 Qc6 34. Ba5 Re8 35. h5 gxh5 36. Qxh5+ Kg8 37. Qf3 e4 38. Qe3 d5 39. Qxa7 d4 40. Qb6 Qc2 41. Re1 d3 42. Qe3 Qxa2 43. b4 Bc3 44. Rf1 Qd5 0-1

[Event "Oberliga Nord N 0102"]
[Site "Germany"]
[Date "2001.10.07"]
[Round "1.2"]
[White "Scheerer, Christoph"]
[Black "Zacharias, Christian"]
[Result "1-0"]
[WhiteElo "2385"]
[BlackElo "2200"]
[PlyCount "101"]
[EventDate "2001.10.07"]
[EventType "team-tourn"]
[EventRounds "9"]
[EventCountry "GER"]
[SourceTitle "EXT 2002"]
[Source "ChessBase"]
[SourceDate "2001.11.25"]
[SourceVersion "1"]
[SourceVersionDate "2001.11.25"]
[SourceQuality "1"]
[WhiteTeam "Kiel Meerbauer"]
[BlackTeam "Hamburg Schachfreunde"]
[WhiteTeamCountry "GER"]
[BlackTeamCountry "GER"]

1. e4 c5 2. c3 Nf6 3. e5 Nd5 4. d4 cxd4 5. cxd4 e6 6. Nf3 b6 7. a3 Be7 8. Bd3 Ba6 9. 0-0 0-0 10. Re1 Bxd3 11. Qxd3 Nc6 12. Nbd2 f5 13. exf6 gxf6 14. Ne4 Qe8 15. Bh6 Rf7 16. Nc3 Nxc3 17. Qxc3 Rc8 18. Qd3 Bf8 19. Bxf8 Qxf8 20. d5 exd5 21. Qxd5 Qc5 22. Qd2 Kh8 23. Rac1 Qh5 24. Rc4 Rg8 25. Rf4 Rg4 26. Rxg4 Qxg4 27. Re8+ Kg7 28. h3 Qf5 29. Qd6 Qb1+ 30. Kh2 Qf5 31. Re3 Kh8 32. b4 a6 33. g4 Qc2 34. Re8+ Kg7 35. Kg2 h5 36. Nh4 hxg4 37. hxg4 Ne5 38. Nf5+ Kh7 39. Rxe5 fxe5 40. Qh6+ Kg8 41. Qg5+ Kh7 42. Qh5+ Kg8 43. Nh6+ Kg7 44. Nxf7 Qe4+ 45. Kh2 Qf4+ 46. Kg1 Qxf7 47. Qxe5+ Kh6 48. Qe3+ Kh7 49. Qd3+ Kg7 50. Qd6 Qe8 51. Qxb6 1-0

[Event "Oberliga Nord N 0001"]
[Site "Germany"]
[Date "2001.??.??"]
[Round "?"]
[White "Scheerer, Christoph"]
[Black "Zacharias, Christian"]
[Result "1-0"]
[WhiteElo "2140"]
[BlackElo "2200"]
[PlyCount "121"]
[EventDate "2000.10.??"]
[EventType "team-tourn"]
[EventRounds "9"]
[EventCountry "GER"]
[SourceTitle "EXT 2004"]
[Source "ChessBase"]
[SourceDate "2003.11.25"]
[SourceVersion "1"]
[SourceVersionDate "2003.11.25"]
[SourceQuality "1"]

1. e4 c5 2. c3 Nf6 3. e5 Nd5 4. d4 cxd4 5. cxd4 e6 6. Nf3 b6 7. a3 Be7 8. Bd3 Ba6 9. 0-0 Qc8 10. Re1 Bxd3 11. Qxd3 0-0 12. Bg5 f6 13. exf6 Bxf6 14. Nc3 Nxc3 15. Bxf6 gxf6 16. Rac1 Na6 17. Rxc3 Qb7 18. Re4 Rac8 19. Rg4+ Kh8 20. Rh4 Rf7 21. Qg6 Rxc3 22. bxc3 d5 23. Rh6 Rf8 24. Qh5 Qf7 25. Qh4 Nc7 26. g4 Rg8 27. Kf1 Rg6 28. Rh5 Ne8 29. g5 Rg7 30. Rh6 fxg5 31. Nxg5 Qf5 32. Rxe6 Rxg5 33. Rxe8+ Kg7 34. Re3 h6 35. Rg3 Kg6 36. Kg2 Qf8 37. f4 Rxg3+ 38. Qxg3+ Kh7 39. Qd3+ Kg7 40. f5 Qxa3 41. Qg3+ Kh8 42. Qe5+ Kh7 43. Qc7+ Kh8 44. Kf3 Qa1 45. Qe5+ Kh7 46. Qe7+ Kg8 47. Qe8+ Kg7 48. Qg6+ Kf8 49. Qxh6+ Kf7 50. Qe6+ Kf8 51. Qf6+ Kg8 52. Kf4 Qxc3 53. Ke5 Qe1+ 54. Kd6 Qb4+ 55. Ke6 Qc4 56. Qf7+ Kh8 57. f6 Qe2+ 58. Kd7 Qg4+ 59. Kd8 Qg5 60. Qf8+ Kh7 61. Qe7+ 1-0

[Event "Oberliga Nord N 0001"]
[Site "Germany"]
[Date "2000.??.??"]
[Round "?"]
[White "Wagner, Ralph"]
[Black "Zacharias, Christian"]
[Result "0-1"]
[WhiteElo "2095"]
[BlackElo "2200"]
[PlyCount "48"]
[EventDate "2000.10.??"]
[EventType "team-tourn"]
[EventRounds "9"]
[EventCountry "GER"]
[SourceTitle "EXT 2004"]
[Source "ChessBase"]
[SourceDate "2003.11.25"]
[SourceVersion "1"]
[SourceVersionDate "2003.11.25"]
[SourceQuality "1"]

1. d4 Nf6 2. c4 e6 3. Nc3 Bb4 4. Bg5 h6 5. Bh4 c5 6. d5 Bxc3+ 7. bxc3 d6 8. e3 e5 9. Qc2 Qe7 10. Nf3 g5 11. Bg3 e4 12. Nd2 Bf5 13. h4 Nh5 14. hxg5 Nxg3 15. fxg3 Qxg5 16. 0-0-0 Qxe3 17. Kb2 Nd7 18. Rh4 Qxg3 19. Nxe4 Bxe4 20. Rxe4+ Ne5 21. Rd3 Qg5 22. g3 0-0-0 23. Rde3 Kb8 24. Bh3 Nxc4+ 0-1